Tìm hiểu thực trạng sử dụng đất và đánh giá hiệu quả kinh tế sử dụng đất canh tác của huyện Nghi Lộc - Tỉnh Nghệ An
Cơ sở khoa học của những vấn đề nghiên cứu. Các nhân toó ảnh hưởng đến quá trình hình thành và sử dụng đất canh tác ở huyện Nghi Lộc, tỉnh Nghệ An. Thực trạng sử dụng đất và đánh giá hiệu quả sử dụng đất canh tác. Đề ra các biện pháp nâng cao hiệu quả kinh tế sử dụng đất canh huyện Nghi Lộc....
Spremljeno u:
| Glavni autor: | |
|---|---|
| Daljnji autori: | |
| Format: | Knjiga |
| Jezik: | Vietnamese |
| Izdano: |
Đại học Đà Nẵng
Trường Đại học Sư phạm
2008
|
| Serija: | Khóa luận tốt nghiệp Đại học. Chuyên ngành: Sư phạm Địa lý
|
| Teme: | |
| Oznake: |
Dodaj oznaku
Bez oznaka, Budi prvi tko označuje ovaj zapis!
|
| Thư viện lưu trữ: | Mạng thư viện Đại học Đà Nẵng |
|---|
| LEADER | 01825nam a2200349 4500 | ||
|---|---|---|---|
| 001 | 000011186 | ||
| 003 | 7419 | ||
| 005 | 20120202140238.0 | ||
| 008 | 120202s2008 viesd | ||
| 041 | |a vie | ||
| 072 | |a Khóa luận tốt nghiệp | ||
| 082 | |a 333.76 |b NG-V | ||
| 100 | 1 | |a Nguyễn, Thị Vy | |
| 245 | 1 | |a Tìm hiểu thực trạng sử dụng đất và đánh giá hiệu quả kinh tế sử dụng đất canh tác của huyện Nghi Lộc - Tỉnh Nghệ An |c Nguyễn, Thị Vy | |
| 260 | |a Đại học Đà Nẵng |b Trường Đại học Sư phạm |c 2008 | ||
| 300 | |a 61 tr. [4 tr.] |b ảnh m.họa + bảng |c 29 cm | ||
| 490 | |a Khóa luận tốt nghiệp Đại học. Chuyên ngành: Sư phạm Địa lý | ||
| 500 | |a Tham khảo tr. 61, phụ lục [4 tr.] | ||
| 520 | |a Cơ sở khoa học của những vấn đề nghiên cứu. Các nhân toó ảnh hưởng đến quá trình hình thành và sử dụng đất canh tác ở huyện Nghi Lộc, tỉnh Nghệ An. Thực trạng sử dụng đất và đánh giá hiệu quả sử dụng đất canh tác. Đề ra các biện pháp nâng cao hiệu quả kinh tế sử dụng đất canh huyện Nghi Lộc. | ||
| 653 | |a Khóa luận tốt nghiệp Đại học | ||
| 653 | |a Khoa Địa lý | ||
| 700 | 1 | |a Nguyễn, Thị Diệu |c Th.S |e Hướng dẫn | |
| OWN | |a LSP | ||
| AVA | |a UDN50 |b LSP |d 333.76 NG-V |e available |t Error 5001 Not defined in file expand_doc_bib_avail. |f 1 |g 0 |h N |i 0 |k 1 | ||
| 999 | |a From the UDN01 | ||
| AVA | |a UDN50 |b LSP |d 333.76 NG-V |e available |t Error 5001 Not defined in file expand_doc_bib_avail. |f 1 |g 0 |h N |i 0 |k 1 | ||
| TYP | |a Monograph | ||
| TYP | |a Printed language | ||
| 980 | |a Mạng thư viện Đại học Đà Nẵng | ||